| 000 | 00726cam a22002535a 4500 | ||
|---|---|---|---|
| 001 | 12298239 | ||
| 005 | 20170102153237.0 | ||
| 008 | 141112s2014 enk frb 001 0 eng d | ||
| 020 | _a0745660029 | ||
| 020 | _a9780745660028 | ||
| 040 |
_aNhCcYBP _cNhCcYBP _beng _dEG-ScBUE |
||
| 082 | 0 | 4 |
_222 _a303.66081 _bSJO |
| 100 | 1 |
_aSjoberg, Laura, _d1979- |
|
| 245 | 1 | 0 |
_aGender, war, and conflict / _cLaura Sjoberg. |
| 260 |
_aCambridge ; _aMalden : _bPolity Press, _c2014. |
||
| 300 |
_avii, 202 p. ; _c23 cm. |
||
| 500 | _aIndex : p. [196]-202. | ||
| 504 | _aBibliography : p. [176]-195. | ||
| 650 | 7 |
_aWar _xSex differences. _2BUEsh |
|
| 651 | _2BUEsh | ||
| 653 |
_bBUSBOL _cJanuary2017 |
||
| 942 | _2ddc | ||
| 987 | _cON ORDER | ||
| 999 |
_c23799 _d23771 |
||